| 000 | 00418nam a2200181Ia 4500 | ||
|---|---|---|---|
| 001 | 17094 | ||
| 005 | 20260306170359.0 | ||
| 008 | 260306t2001||||xx |||||||||||||| ||und|| | ||
| 041 | _aESP | ||
| 082 |
_a657.450285 _bP52 |
||
| 100 |
_aPiattini, Mario G. _eAUT |
||
| 245 | 0 | _aAuditoría informática | |
| 260 | _c2001 | ||
| 300 |
_a600 páginas : _c |
||
| 650 | _aGEN | ||
| 654 | _aCCO | ||
| 942 |
_cLIB _dJUS _fJUS _2ddc _n |
||
| 999 |
_c17094 _d17094 |
||